00290nam a22001097a 4500003000400000020001500004082001900019100003200038245004500070260005700115300000800172SGT a8176040363 a891.4309bK04K aकमल, एम. पी.  aकीर्तिपुंज अटल b राजा पॉकेट बूक्स c2004 a337